Music Quiz

Random Music or Kpop Quiz

Match Kpop Idols with their IG Quiz Stats

Quiz not verified by Sporcle

Challenge
Share
Tweet
Embed
Score 0/30 Timer 10:00
0 Plays Today
% Correct
@marcella_the_naeun
75.8%
@leeseongyeol
74.5%
@zyxzjs
73.6%
@teentop_2ch
71.6%
@gyu357
68.1%
@achahakyeon
67.3%
@hxxnim
64.7%
@ayeoniiiiii
61.1%
@bangstergram
60.9%
@skullhong12
56.4%
@ff0427
55.3%
@secrettimehs
51.8%
@sandoriganatanatda
51.6%
@souththth
47.9%
@le2jh
46.2%
% Correct
@mr_kanggun
45.7%
@xjjjwww
45.4%
@6_zalddow
40.5%
@gyeongree
40.4%
@w_n_r_00
38.8%
@sweetgirlej
37.5%
@maetamong
34.5%
@yn_s_1230
32.7%
@phs1116
32.5%
@bornfreeonekiss2
31.9%
@dlwlrma
29%
@x_xellybabyx
28.8%
@sarangdungy
22.3%
@mulgokizary
18.6%
@kvwowv
17.5%

You're not logged in!

Compare scores with friends on all Sporcle quizzes.
Sign Up with Email
OR
Log In

You Might Also Like...

Show Comments

Extras

Top Quizzes Today


Score Distribution

Your Account Isn't Verified!

In order to create a playlist on Sporcle, you need to verify the email address you used during registration. Go to your Sporcle Settings to finish the process.

Report this User

Report this user for behavior that violates our Community Guidelines.

Details: